Google Maps Cities - Lithuania - Statistics

General Stats
  • This quiz has been taken 19 times
  • The average score is 12 of 21
Answer Stats
City % Correct
Vilnius
100%
Kaunas
93%
Klaipeda
87%
Siauliai
87%
Alytus
80%
Marijampole
80%
Panevezys
73%
Utena
73%
Telsiai
67%
Druskininkai
53%
Kedainiai
53%
Mazeikiai
53%
Palanga
53%
Taurage
53%
Birzai
47%
Radviliskis
33%
Trakai
33%
Visaginas
33%
Zarasai
27%
Anyksciai
13%
Moletai
13%
No matching quizzes found
Score Distribution
Percent of People with Each Score
Percentile by Number Answered
Your Score History
You have not taken this quiz